Competition Law and Regional Economics Intergration: An Analysis of the Southern Mediterranean Countries. (Record no. 5608)
[ view plain ]
| 005 - DATE AND TIME OF LATEST TRANSACTION | |
|---|---|
| control field | 20250627115320.0 |
| 020 ## - INTERNATIONAL STANDARD BOOK NUMBER | |
| International Standard Book Number | 0-8213-5892-8 |
| 082 ## - DEWEY DECIMAL CLASSIFICATION NUMBER | |
| Classification number | 346.07 GER |
| 100 ## - MAIN ENTRY--PERSONAL NAME | |
| Author name | GERADIN, D. |
| 245 ## - TITLE STATEMENT | |
| Title | Competition Law and Regional Economics Intergration: An Analysis of the Southern Mediterranean Countries. |
| 260 ## - PUBLICATION, DISTRIBUTION, ETC. | |
| Place of publication, distribution, etc. | New York. |
| Name of publisher, distributor, etc. | The World Bank, |
| Date of publication, distribution, etc. | 2004. |
| 300 ## - PHYSICAL DESCRIPTION | |
| Extent | xi,81p.; |
| Dimensions | 23cm |
| 942 ## - ADDED ENTRY ELEMENTS (KOHA) | |
| Source of classification or shelving scheme | Dewey Decimal Classification |
| Koha item type | Books |
| Date last seen | Total checkouts | Full call number | Barcode | Cost, replacement price | Price effective from | Koha item type | Lost status | Source of classification or shelving scheme | Damaged status | Not for loan | Withdrawn status | Home library | Current library | Shelving location | Date acquired | Cost, normal purchase price |
|---|---|---|---|---|---|---|---|---|---|---|---|---|---|---|---|---|
| 06/27/2025 | 346.07 GER | DOM0003393 | 105000.00 | 06/27/2025 | Books | Dewey Decimal Classification | CBE Dodoma | CBE Dodoma | General Collection | 02/17/2010 | 35000.00 | |||||
| 06/27/2025 | 346.07 GER | DOM0003394 | 105000.00 | 06/27/2025 | Books | Dewey Decimal Classification | CBE Dodoma | CBE Dodoma | General Collection | 02/17/2010 | 35000.00 | |||||
| 06/27/2025 | 346.07 GER | DOM0003174 | 105000.00 | 06/27/2025 | Books | Dewey Decimal Classification | CBE Dodoma | CBE Dodoma | General Collection | 02/17/2010 | 35000.00 | |||||
| 06/27/2025 | 346.07 GER | DOM0003175 | 105000.00 | 06/27/2025 | Books | Dewey Decimal Classification | CBE Dodoma | CBE Dodoma | General Collection | 02/17/2010 | 35000.00 |
